[Event "Junior Online 4NCL Division 3"]
[Site "online"]
[Date "2021.08.19"]
[EventDate "2021.08.19"]
[Round "1.128"]
[White "Ashcroft, Arthur"]
[WhiteElo "900"]
[WhiteTeam "JHJ Shark Tank 6"]
[Black "Wen, Liana"]
[BlackElo "1154"]
[BlackTeam "Edgware Gambits D"]
[Result "0-1"]
[PlyCount "66"]

1. e4 c5 2. Nf3 d6 3. Bc4 Nf6 4. Nc3 Bg4 5. d3 Nc6 6. h3 Bh5 7. g4 Bg6 8. h4 Nxg4 9. Ng5 Nce5 10. h5 Bxe4 11. dxe4 e6 12. f3 Be7 13. fxg4 Bxg5 14. Bxg5 Qxg5 15. Qd2 Nf3+ 16. Ke2 Nxd2 17. Bb5+ Ke7 18. Rhg1 Rhc8 19. Rgd1 Nxe4 20. Nxe4 Qxg4+ 21. Ke3 Qh3+ 22. Kd2 Kf8 23. Kc1 Qxh5 24. Bd7 Rd8 25. Bb5 d5 26. Nxc5 Rac8 27. Nxb7 Qg5+ 28. Rd2 Qg1+ 29. Rd1 Qe3+ 30. Kb1 Rb8 31. Nxd8 Rxd8 32. Rd3 Qe1+ 33. Rd1 Qxd1# 0-1

[Event "Junior Online 4NCL Division 3"]
[Site "online"]
[Date "2021.08.19"]
[EventDate "2021.08.19"]
[Round "1.131"]
[White "Pipalia, Rishi"]
[WhiteElo "1310"]
[WhiteTeam "JHJ Shark Tank 5"]
[Black "Zhu, Pengxiao"]
[BlackElo "1515"]
[BlackTeam "London Dragons Americium"]
[Result "0-1"]
[PlyCount "78"]

1. e4 e5 2. Nf3 Nc6 3. Bc4 Nf6 4. Ng5 d5 5. exd5 b5 6. Bxb5 Qxd5 7. Bxc6+ Qxc6 8. O-O Bb7 9. Qf3 e4 10. Re1 Be7 11. Qe2 h6 12. Nh3 O-O-O 13. Nc3 e3 14. fxe3 g5 15. Rf1 g4 16. Nf4 h5 17. Nb5 Kb8 18. Nd4 Qb6 19. Qb5 Qxb5 20. Nxb5 Ba6 21. c4 c6 22. Na3 Bxa3 23. bxa3 Bxc4 24. Rf2 Ne4 25. Bb2 Rhg8 26. Rb1 Ka8 27. Nxh5 Nxf2 28. Kxf2 Bxa2 29. Rd1 Bb3 30. Rb1 Bc2 31. Rc1 Rxd2+ 32. Ke1 Rxg2 33. Nf6 Rd8 34. Nh5 Rxh2 35. Nf4 g3 36. Kf1 Rdd2 37. Ke1 g2 38. Ne2 Rxe2+ 39. Kxe2 g1=Q+ 0-1

[Event "Junior Online 4NCL Division 3"]
[Site "online"]
[Date "2021.08.19"]
[EventDate "2021.08.19"]
[Round "1.132"]
[White "Xu, Jiarui"]
[WhiteElo "1452"]
[WhiteTeam "London Dragons Americium"]
[Black "Harb, Laith A"]
[BlackElo "1294"]
[BlackTeam "JHJ Shark Tank 5"]
[Result "1-0"]
[PlyCount "125"]

1. e4 c5 2. Nf3 d6 3. d4 cxd4 4. Nxd4 Nf6 5. Nc3 a6 6. Nf3 e6 7. Bd3 b5 8. a3 Bb7 9. Bg5 Be7 10. O-O O-O 11. h3 Nbd7 12. Be3 Rc8 13. Qd2 Qc7 14. Rad1 Rfd8 15. Qe2 h6 16. Rfe1 Nb6 17. Rc1 Nbd7 18. Rcd1 Nc5 19. Bxc5 Qxc5 20. Qe3 Qxe3 21. Rxe3 d5 22. exd5 Nxd5 23. Nxd5 Bxd5 24. Ree1 Bf6 25. c3 Bc4 26. Bxc4 Rxd1 27. Rxd1 Rxc4 28. Rd6 a5 29. Rb6 Rc5 30. Kf1 Rd5 31. Ke2 Kf8 32. Rb8+ Ke7 33. Rb7+ Kf8 34. Nd4 Bxd4 35. cxd4 Rxd4 36. Rxb5 Rd5 37. Rxd5 exd5 38. Kd3 Ke7 39. Kd4 Kd6 40. g4 g6 41. b4 axb4 42. axb4 f6 43. b5 g5 44. f3 Kc7 45. Kxd5 Kb6 46. Ke6 Kxb5 47. Kxf6 Kc4 48. Kg6 Kd3 49. Kxh6 Ke3 50. Kxg5 Kxf3 51. h4 Kg3 52. h5 Kh3 53. h6 Kg3 54. h7 Kf3 55. h8=Q Ke3 56. Kh5 Ke4 57. g5 Kf5 58. g6 Ke6 59. g7 Kf7 60. g8=Q+ Ke7 61. Qh6 Kd7 62. Qgg7+ Ke8 63. Qhh8# 1-0

[Event "Junior Online 4NCL Division 3"]
[Site "online"]
[Date "2021.08.19"]
[EventDate "2021.08.19"]
[Round "1.134"]
[White "Gan, Mark"]
[WhiteElo "1362"]
[WhiteTeam "London Dragons Americium"]
[Black "Stacey, Edward"]
[BlackElo "1255"]
[BlackTeam "JHJ Shark Tank 5"]
[Result "1-0"]
[PlyCount "103"]

1. e4 e5 2. Nf3 Nc6 3. c3 Bc5 4. Bc4 Nf6 5. d4 exd4 6. cxd4 Bb4+ 7. Bd2 Bxd2+ 8. Nbxd2 d5 9. exd5 Nxd5 10. Qb3 Nce7 11. O-O b6 12. Rfe1 Be6 13. Ng5 Qd6 14. Nxe6 fxe6 15. Re5 c6 16. Rae1 O-O 17. Rxe6 Qd8 18. Rxe7 Kh8 19. Bxd5 Qxd5 20. Qxd5 cxd5 21. Rd7 Rfd8 22. Ree7 Rxd7 23. Rxd7 Kg8 24. Rxd5 Rc8 25. h3 Rc2 26. Nf3 Rxb2 27. a3 Ra2 28. Rd8+ Kf7 29. Rd7+ Ke6 30. Rxa7 b5 31. Rb7 Rxa3 32. Rxb5 Ra1+ 33. Kh2 Rd1 34. Rb7 Kd5 35. Kg3 g5 36. Rg7 h6 37. Rg6 Ke4 38. Rxh6 g4 39. hxg4 Rd3 40. Re6+ Kd5 41. Re5+ Kc4 42. g5 Rd2 43. Nxd2+ Kxd4 44. Re4+ Kd5 45. g6 Kd6 46. g7 Kd5 47. g8=R Kd6 48. Rd8+ Kc5 49. Rd3 Kb5 50. Rc4 Ka5 51. Rb3 Ka6 52. Ra4# 1-0

[Event "Junior Online 4NCL Division 3"]
[Site "online"]
[Date "2021.08.19"]
[EventDate "2021.08.19"]
[Round "1.135"]
[White "Zhu, Pengxiao"]
[WhiteElo "1515"]
[WhiteTeam "London Dragons Americium"]
[Black "Pipalia, Rishi"]
[BlackElo "1310"]
[BlackTeam "JHJ Shark Tank 5"]
[Result "1-0"]
[PlyCount "73"]

1. d4 e5 2. dxe5 Nc6 3. Nf3 Qe7 4. Nc3 Nxe5 5. Bf4 Nxf3+ 6. gxf3 Nf6 7. Bg5 Qe5 8. f4 Qf5 9. e3 Bb4 10. a3 Bxc3+ 11. bxc3 Ne4 12. Qd3 d6 13. Bh3 Qxh3 14. Qxe4+ Qe6 15. Qa4+ Bd7 16. Qb3 Qxb3 17. cxb3 O-O 18. c4 f6 19. Bh4 Rae8 20. O-O Bh3 21. Rfd1 h6 22. Rd3 g5 23. fxg5 fxg5 24. Bg3 h5 25. Rd5 Bf5 26. h4 g4 27. Re1 Kh7 28. e4 Bxe4 29. Rxh5+ Kg6 30. Rg5+ Kh6 31. Rxg4 Bc2 32. Rxe8 Rxe8 33. Bf4+ Kh5 34. Rg3 Kxh4 35. Kg2 Be4+ 36. f3 Bc6 37. Rh3# 1-0

[Event "Junior Online 4NCL Division 3"]
[Site "online"]
[Date "2021.08.19"]
[EventDate "2021.08.19"]
[Round "1.136"]
[White "Harb, Laith A"]
[WhiteElo "1294"]
[WhiteTeam "JHJ Shark Tank 5"]
[Black "Xu, Jiarui"]
[BlackElo "1452"]
[BlackTeam "London Dragons Americium"]
[Result "0-1"]
[PlyCount "68"]

1. d4 d5 2. c4 e6 3. Nc3 Nf6 4. Bg5 Be7 5. e3 h6 6. Bf4 a6 7. Nf3 Nc6 8. cxd5 Nxd5 9. Nxd5 Qxd5 10. Bxc7 Bb4+ 11. Nd2 O-O 12. Bg3 Ne7 13. a3 Bxd2+ 14. Qxd2 Nf5 15. Rc1 Nxg3 16. hxg3 Bd7 17. Be2 Qxg2 18. Rf1 Rac8 19. Qd1 Ba4 20. Qd2 Rxc1+ 21. Qxc1 Bc6 22. Qd2 Qd5 23. Qb4 Rc8 24. Qd2 Bb5 25. Bxb5 Qxb5 26. Qe2 Rc1+ 27. Kd2 Qxb2+ 28. Kd3 Rc3+ 29. Ke4 Qxe2 30. Rb1 Qc2+ 31. Kf3 Qxb1 32. Kg2 Qe4+ 33. Kf1 Rc2 34. Ke1 Qh1# 0-1

[Event "Junior Online 4NCL Division 3"]
[Site "online"]
[Date "2021.08.19"]
[EventDate "2021.08.19"]
[Round "1.138"]
[White "Stacey, Edward"]
[WhiteElo "1255"]
[WhiteTeam "JHJ Shark Tank 5"]
[Black "Gan, Mark"]
[BlackElo "1362"]
[BlackTeam "London Dragons Americium"]
[Result "0-1"]
[PlyCount "60"]

1. e4 c5 2. Nf3 g6 3. d4 cxd4 4. Nxd4 Nc6 5. Nxc6 bxc6 6. Nc3 e6 7. Bc4 d5 8. exd5 cxd5 9. Bb5+ Bd7 10. Bxd7+ Qxd7 11. Qd4 f6 12. O-O Bg7 13. Qe3 d4 14. Qe4 Rd8 15. Ne2 e5 16. f4 f5 17. Qd3 e4 18. Qc4 Qd5 19. Qxd5 Rxd5 20. Bd2 Ne7 21. Ng3 O-O 22. Bb4 Re8 23. Bxe7 Rxe7 24. Rad1 Red7 25. Rd2 Bf8 26. Rfd1 Bc5 27. c3 dxc3+ 28. Kf1 Rxd2 29. Rxd2 cxd2 30. Nh1 d1=Q# 0-1

[Event "Junior Online 4NCL Division 3"]
[Site "online"]
[Date "2021.08.19"]
[EventDate "2021.08.19"]
[Round "1.141"]
[White "Sasikumar, Navaneeth"]
[WhiteElo "1402"]
[WhiteTeam "Leeds Juniors 2"]
[Black "Jakhria, Kushal"]
[BlackElo "1678"]
[BlackTeam "Charlton Tigers"]
[Result "1-0"]
[PlyCount "81"]

1. d4 Nf6 2. Nf3 d5 3. Bf4 c5 4. e3 Nc6 5. c3 Qb6 6. Qc2 Bf5 7. Bd3 Bxd3 8. Qxd3 Qxb2 9. O-O Qxa1 10. Qd2 cxd4 11. exd4 Ne4 12. Qc2 Rc8 13. Nfd2 Nxd4 14. Qa4+ Nc6 15. Qc2 e5 16. Nxe4 dxe4 17. Nd2 Qxf1+ 18. Kxf1 exf4 19. Qxe4+ Be7 20. Qxf4 O-O 21. c4 Rfd8 22. g3 h6 23. Nf3 Rd1+ 24. Kg2 Ra1 25. Qd2 Rd8 26. Qb2 Bf6 27. Qxb7 Ne5 28. Nxe5 Bxe5 29. Qxa7 Rad1 30. c5 Bd4 31. Qe7 Rd5 32. c6 Re5 33. Qd8+ Kh7 34. c7 Bb6 35. Qxd1 Bxc7 36. Qc2+ g6 37. Qxc7 Rf5 38. a4 Kg7 39. a5 Rb5 40. a6 Rb4 41. Qc3+ 1-0

[Event "Junior Online 4NCL Division 3"]
[Site "online"]
[Date "2021.08.19"]
[EventDate "2021.08.19"]
[Round "1.142"]
[White "Verbytski, Oleg"]
[WhiteElo "1462"]
[WhiteTeam "Charlton Tigers"]
[Black "Teh, Andrew"]
[BlackElo "1331"]
[BlackTeam "Leeds Juniors 2"]
[Result "1-0"]
[PlyCount "73"]

1. e4 e5 2. Nf3 Nc6 3. Bc4 Bc5 4. O-O Nf6 5. d4 Nxd4 6. Nxe5 O-O 7. Be3 d6 8. Nxf7 Rxf7 9. Bxf7+ Kxf7 10. Bxd4 Be6 11. Bxc5 dxc5 12. Nc3 Kg8 13. e5 Nd7 14. f4 Qe7 15. Qd2 Rd8 16. Rad1 Kf8 17. b3 a6 18. f5 Bg8 19. e6 Bxe6 20. fxe6+ Ke8 21. exd7+ Rxd7 22. Qxd7+ Qxd7 23. Rf8+ Ke7 24. Rf7+ Kxf7 25. Rxd7+ Kg6 26. Rxc7 b6 27. Rc6+ Kf7 28. Rxb6 a5 29. Rb5 c4 30. bxc4 a4 31. Rd5 a3 32. c5 Ke6 33. c6 Ke7 34. c7 Ke6 35. c8=Q+ Kf6 36. Qd7 Kg6 37. Qe6# 1-0

[Event "Junior Online 4NCL Division 3"]
[Site "online"]
[Date "2021.08.19"]
[EventDate "2021.08.19"]
[Round "1.143"]
[White "Xu, Sienna"]
[WhiteElo "1330"]
[WhiteTeam "Leeds Juniors 2"]
[Black "Manikandan, Gaurav"]
[BlackElo "1420"]
[BlackTeam "Charlton Tigers"]
[Result "0-1"]
[PlyCount "130"]

1. e4 e5 2. Nf3 Nc6 3. d4 exd4 4. Nxd4 Qh4 5. Nc3 Bc5 6. Be3 Nxd4 7. Bxd4 Bxd4 8. Qxd4 Qf6 9. Qxf6 Nxf6 10. Bc4 d6 11. O-O O-O 12. h3 h6 13. Rad1 Be6 14. Bb3 Bxb3 15. axb3 Rfe8 16. Rfe1 Re7 17. Nd5 Nxd5 18. exd5 Rae8 19. Kf1 Re5 20. c4 f6 21. Rxe5 Rxe5 22. Re1 Kf7 23. Rxe5 fxe5 24. Ke2 Kf6 25. Ke3 Kf5 26. g4+ Kg5 27. Kf3 Kh4 28. Kg2 e4 29. Kh2 g6 30. Kg2 h5 31. gxh5 gxh5 32. Kh2 Kg5 33. Kg3 h4+ 34. Kg2 Kf4 35. b4 e3 36. fxe3+ Kxe3 37. Kf1 Kf3 38. b3 Kg3 39. Kg1 Kxh3 40. Kh1 Kg3 41. Kg1 Kf3 42. Kf1 Ke3 43. b5 Kd3 44. Kg2 Kc3 45. Kh3 Kxb3 46. Kxh4 Kxc4 47. Kg4 Kxb5 48. Kf4 Kc5 49. Ke4 a5 50. Kd3 Kxd5 51. Kc3 b6 52. Kb3 b5 53. Kc3 c5 54. Kb3 Ke5 55. Kc3 d5 56. Kd3 a4 57. Kc3 b4+ 58. Kb2 c4 59. Kb1 d4 60. Kc2 b3+ 61. Kb2 c3+ 62. Kb1 a3 63. Kc1 d3 64. Kd1 a2 65. Kc1 a1=Q# 0-1

[Event "Junior Online 4NCL Division 3"]
[Site "online"]
[Date "2021.08.19"]
[EventDate "2021.08.19"]
[Round "1.144"]
[White "Gao, Alex"]
[WhiteElo "1270"]
[WhiteTeam "Charlton Tigers"]
[Black "Sasikumar, Srivathsan"]
[BlackElo "1249"]
[BlackTeam "Leeds Juniors 2"]
[Result "0-1"]
[PlyCount "70"]

1. e4 c6 2. d4 d5 3. e5 Bf5 4. h4 h6 5. g4 Bh7 6. f4 Be4 7. Nf3 c5 8. Bd3 Bxf3 9. Qxf3 cxd4 10. Bb5+ Nc6 11. c4 e6 12. f5 a6 13. fxe6 fxe6 14. Rf1 Qxh4+ 15. Rf2 O-O-O 16. cxd5 Nxe5 17. Qe4 Rxd5 18. Bc4 Nf6 19. Qc2 d3 20. Bxd3+ Rc5 21. Qd2 Nxd3+ 22. Qxd3 Rxc1+ 23. Ke2 Qxg4+ 24. Kd2 Qd1+ 25. Ke3 Nd5+ 26. Ke4 Qe1+ 27. Re2 Nf6+ 28. Ke3 Bc5+ 29. Kf3 Qf1+ 30. Kg3 Qg1+ 31. Rg2 Nh5+ 32. Kf3 Rf1+ 33. Kg4 Qxg2+ 34. Kxh5 Rh1+ 35. Qh3 Rxh3# 0-1

[Event "Junior Online 4NCL Division 3"]
[Site "online"]
[Date "2021.08.19"]
[EventDate "2021.08.19"]
[Round "1.145"]
[White "Jakhria, Kushal"]
[WhiteElo "1678"]
[WhiteTeam "Charlton Tigers"]
[Black "Sasikumar, Navaneeth"]
[BlackElo "1402"]
[BlackTeam "Leeds Juniors 2"]
[Result "1-0"]
[PlyCount "25"]

1. d4 g6 2. c4 Bg7 3. Nc3 Nf6 4. e4 d6 5. Nf3 Nbd7 6. e5 dxe5 7. dxe5 Ng4 8. e6 fxe6 9. Ng5 Nc5 10. Qxg4 e5 11. Qf3 Bf5 12. g4 Bd7 13. Qf7# 1-0

[Event "Junior Online 4NCL Division 3"]
[Site "online"]
[Date "2021.08.19"]
[EventDate "2021.08.19"]
[Round "1.146"]
[White "Teh, Andrew"]
[WhiteElo "1331"]
[WhiteTeam "Leeds Juniors 2"]
[Black "Verbytski, Oleg"]
[BlackElo "1462"]
[BlackTeam "Charlton Tigers"]
[Result "0-1"]
[PlyCount "72"]

1. e4 c5 2. Bc4 d6 3. d3 a6 4. a4 e6 5. Be3 Nc6 6. Nf3 Nf6 7. O-O b6 8. b4 Nxb4 9. c3 Nc6 10. Nbd2 Be7 11. d4 cxd4 12. Bxd4 Bb7 13. Bxf6 Bxf6 14. Qc2 O-O 15. Rfe1 Rc8 16. Rad1 Na5 17. Bd3 Rxc3 18. Qb2 Rxd3 19. Qc2 Rc3 20. Qa2 d5 21. exd5 Bxd5 22. Qa3 Rxa3 23. Nb1 Rxa4 24. Nc3 Rc4 25. Nxd5 exd5 26. Re3 d4 27. Re4 d3 28. Re3 d2 29. Rxd2 Rc1+ 30. Ne1 Qxd2 31. h3 Rxe1+ 32. Rxe1 Qxe1+ 33. Kh2 Be5+ 34. g3 Qxf2+ 35. Kh1 Bxg3 36. h4 Qh2# 0-1

[Event "Junior Online 4NCL Division 3"]
[Site "online"]
[Date "2021.08.19"]
[EventDate "2021.08.19"]
[Round "1.147"]
[White "Manikandan, Gaurav"]
[WhiteElo "1420"]
[WhiteTeam "Charlton Tigers"]
[Black "Xu, Sienna"]
[BlackElo "1330"]
[BlackTeam "Leeds Juniors 2"]
[Result "1-0"]
[PlyCount "47"]

1. e4 c5 2. Nf3 Nc6 3. d4 cxd4 4. Nxd4 g6 5. Nc3 Bg7 6. Be3 e5 7. Ndb5 d6 8. Nxd6+ Ke7 9. Nxc8+ Rxc8 10. Qxd8+ Rxd8 11. Nd5+ Ke6 12. Bc4 Kd7 13. O-O-O Nf6 14. Nxf6+ Kc8 15. Nd5 Kb8 16. Bb5 a6 17. Bxc6 bxc6 18. Ne7 Rde8 19. Nxc6+ Kc7 20. Nb4 Kb7 21. Rd7+ Kb8 22. Nxa6+ Kc8 23. Rc7+ Kd8 24. Rd1# 1-0

[Event "Junior Online 4NCL Division 3"]
[Site "online"]
[Date "2021.08.19"]
[EventDate "2021.08.19"]
[Round "1.148"]
[White "Sasikumar, Srivathsan"]
[WhiteElo "1249"]
[WhiteTeam "Leeds Juniors 2"]
[Black "Gao, Alex"]
[BlackElo "1270"]
[BlackTeam "Charlton Tigers"]
[Result "1/2-1/2"]
[PlyCount "74"]

1. d4 d5 2. Bf4 c6 3. Nf3 Nf6 4. e3 Bf5 5. Bd3 Bg6 6. O-O e6 7. c3 Bd6 8. Bg3 O-O 9. Bc2 Ne4 10. Nbd2 Nxg3 11. hxg3 Nd7 12. e4 e5 13. Re1 Re8 14. dxe5 Nxe5 15. exd5 cxd5 16. Bxg6 fxg6 17. Nxe5 Rxe5 18. Rxe5 Bxe5 19. Qe2 Qf6 20. Nf3 Bd6 21. Re1 Kf7 22. Ng5+ Qxg5 23. Qe6+ Kf8 24. Qxd6+ Kg8 25. f4 Qxg3 26. Qxd5+ Kf8 27. Qd6+ Kg8 28. Qe6+ Kf8 29. Re3 Qh4 30. Qd6+ Kg8 31. Qd7 Qxf4 32. Rf3 Qc1+ 33. Kh2 Qh6+ 34. Kg1 Qc1+ 35. Rf1 Qe3+ 36. Kh1 Qh6+ 37. Kg1 Qe3+ 1/2-1/2

[Event "Junior Online 4NCL Division 3"]
[Site "online"]
[Date "2021.08.19"]
[EventDate "2021.08.19"]
[Round "1.163"]
[White "Wang, Andy"]
[WhiteElo "1361"]
[WhiteTeam "Somerset Lions"]
[Black "Eshwar, Ananya"]
[BlackElo "1014"]
[BlackTeam "Uxbridge C"]
[Result "1-0"]
[PlyCount "131"]

1. d4 d5 2. Bf4 Nc6 3. Nf3 Bd7 4. e3 e6 5. c4 Nf6 6. Nc3 Bb4 7. Qb3 Bxc3+ 8. Qxc3 O-O 9. Be2 Re8 10. Qb3 b6 11. O-O h6 12. Rac1 Na5 13. Qc3 Ne4 14. Qc2 Bc6 15. b4 Nxc4 16. Bxc4 dxc4 17. Qxc4 Bd5 18. Qc2 c5 19. bxc5 bxc5 20. dxc5 Rc8 21. Rfd1 Qf6 22. Be5 Qf5 23. Bd4 e5 24. Bxe5 Bc6 25. Bd4 Qe6 26. Ne5 f6 27. Nf3 Rcd8 28. Nd2 Nxd2 29. Qxd2 Qg4 30. f3 Qe6 31. Kf2 f5 32. Qc3 f4 33. e4 g5 34. Qa5 Rd7 35. Qa3 Bb7 36. Qb3 Qxb3 37. axb3 Bc6 38. Bc3 Red8 39. Rxd7 Rxd7 40. Ke2 Rd8 41. b4 Bb5+ 42. Ke1 Kf7 43. Rd1 Rc8 44. Rd6 Rh8 45. Bxh8 Ke7 46. Rxh6 Kd7 47. Rg6 Kc7 48. Rxg5 Kb7 49. Rg4 Kc6 50. Rxf4 Kd7 51. Rf7+ Kc6 52. Rxa7 Bc4 53. g4 Be6 54. g5 Bc4 55. g6 Bg8 56. Rf7 Bxf7 57. gxf7 Kb5 58. f8=Q Kc6 59. Qe8+ Kc7 60. Be5+ Kb7 61. Qd8 Kc6 62. Qb6+ Kd7 63. Qd6+ Ke8 64. Qc7 Kf8 65. Qd7 Kg8 66. Qg7# 1-0

[Event "Junior Online 4NCL Division 3"]
[Site "online"]
[Date "2021.08.19"]
[EventDate "2021.08.19"]
[Round "1.164"]
[White "Patange, Ansh"]
[WhiteElo "929"]
[WhiteTeam "Uxbridge C"]
[Black "Zeng, Jonathan"]
[BlackElo "1330"]
[BlackTeam "Somerset Lions"]
[Result "0-1"]
[PlyCount "56"]

1. d4 d5 2. Bf4 Nc6 3. Nf3 Bg4 4. e3 Nf6 5. Nbd2 Ne4 6. h3 Bh5 7. g4 Bg6 8. Bb5 a6 9. Bxc6+ bxc6 10. Nxe4 Bxe4 11. O-O e6 12. Ng5 Bd6 13. Nxe4 dxe4 14. Re1 O-O 15. c4 Bb4 16. Rf1 Qh4 17. Kh2 f5 18. f3 Bd6 19. Bxd6 cxd6 20. fxe4 fxe4 21. Qa4 Rf2+ 22. Rxf2 Qxf2+ 23. Kh1 Qxe3 24. Qxc6 Qxh3+ 25. Kg1 Qxg4+ 26. Kh2 Rf8 27. Rg1 Rf2+ 28. Kh1 Qh3# 0-1

[Event "Junior Online 4NCL Division 3"]
[Site "online"]
[Date "2021.08.19"]
[EventDate "2021.08.19"]
[Round "1.166"]
[White "Keech, Gabriel"]
[WhiteElo "1520"]
[WhiteTeam "Somerset Lions"]
[Black "Jaiswal, Naina"]
[BlackElo "1103"]
[BlackTeam "Uxbridge C"]
[Result "1-0"]
[PlyCount "45"]

1. c4 e5 2. g3 Nf6 3. Bg2 Nc6 4. Nc3 Bc5 5. e3 Ng4 6. Qxg4 d5 7. Qd1 d4 8. exd4 exd4 9. Ne4 Be6 10. Nxc5 Bxc4 11. d3 Bb5 12. Qe2+ Ne7 13. Nxb7 Qd7 14. Nc5 Qd6 15. Bxa8 O-O 16. Bg2 Qxc5 17. Nf3 Re8 18. O-O Nf5 19. Qd1 g6 20. Re1 Qb4 21. Rxe8+ Bxe8 22. Qe1 Bc6 23. Qxb4 1-0

[Event "Junior Online 4NCL Division 3"]
[Site "online"]
[Date "2021.08.19"]
[EventDate "2021.08.19"]
[Round "1.167"]
[White "Eshwar, Ananya"]
[WhiteElo "1014"]
[WhiteTeam "Uxbridge C"]
[Black "Wang, Andy"]
[BlackElo "1361"]
[BlackTeam "Somerset Lions"]
[Result "0-1"]
[PlyCount "112"]

1. d4 d5 2. Bf4 Bf5 3. e3 Nf6 4. Nf3 e6 5. Bd3 Bg6 6. O-O c5 7. h3 Nc6 8. Bxg6 hxg6 9. Nbd2 Qb6 10. b3 cxd4 11. Nxd4 Nxd4 12. exd4 Qxd4 13. Be3 Qc3 14. Rb1 a6 15. Nf3 Rc8 16. Rc1 Ba3 17. Bd4 Qc7 18. Rb1 Qxc2 19. Bxf6 gxf6 20. Qd4 Ke7 21. Qd1 Qxa2 22. Ra1 Qb2 23. Qb1 Qxb1 24. Raxb1 Rc2 25. Ra1 Bb2 26. Rab1 Rhc8 27. Nd4 Bxd4 28. Rbd1 Be5 29. Rb1 Bf4 30. g3 Bd2 31. Rfd1 Rc1 32. Rbxc1 Rxc1 33. Rxc1 Bxc1 34. Kf1 Kd6 35. Ke1 Kc5 36. Kd1 Ba3 37. Kc2 Kd4 38. Kd2 Bb4+ 39. Ke2 Kc3 40. h4 Kxb3 41. g4 Bf8 42. Kd3 a5 43. Kd2 Kb2 44. Kd3 a4 45. Ke3 a3 46. Kd2 a2 47. f4 a1=Q 48. g5 fxg5 49. fxg5 Qa3 50. Kd1 Qc3 51. Ke2 Kc2 52. Kf1 Qd2 53. Kg1 Kd3 54. Kh1 Ke3 55. Kg1 Kf3 56. Kf1 Qf2# 0-1

[Event "Junior Online 4NCL Division 3"]
[Site "online"]
[Date "2021.08.19"]
[EventDate "2021.08.19"]
[Round "1.168"]
[White "Zeng, Jonathan"]
[WhiteElo "1330"]
[WhiteTeam "Somerset Lions"]
[Black "Patange, Ansh"]
[BlackElo "929"]
[BlackTeam "Uxbridge C"]
[Result "0-1"]
[PlyCount "52"]

1. e4 e5 2. Nf3 Nc6 3. Bc4 Bc5 4. c3 d6 5. d4 exd4 6. cxd4 Bb4+ 7. Bd2 Bg4 8. Bxb4 Nxb4 9. Bb5+ c6 10. Be2 Qf6 11. Nbd2 Ne7 12. h3 Bxf3 13. Nxf3 O-O 14. O-O Rad8 15. Qb3 c5 16. a3 Nbc6 17. dxc5 dxc5 18. Qxb7 Rb8 19. Qc7 Rxb2 20. Bc4 Rc8 21. Qd7 Nd4 22. Nxd4 cxd4 23. Rac1 h5 24. f3 Qg5 25. g4 Qd2 26. Bxf7+ Kxf7 0-1

[Event "Junior Online 4NCL Division 3"]
[Site "online"]
[Date "2021.09.02"]
[EventDate "2021.09.02"]
[Round "2.11"]
[White "Correa, Edward"]
[WhiteElo "1132"]
[WhiteTeam "Manchester Juniors D"]
[Black "Catabay, Rezin C"]
[BlackElo "1370"]
[BlackTeam "Colchester Juniors B"]
[Result "0-1"]
[PlyCount "46"]

1. d4 e5 2. c3 exd4 3. cxd4 d5 4. Bf4 c5 5. e3 Nf6 6. Nf3 Be7 7. Nc3 O-O 8. Bd3 Nc6 9. h3 c4 10. Bc2 Qb6 11. b3 Bb4 12. Qd2 Qa5 13. O-O Bxc3 14. Qd1 Bxa1 15. Qxa1 cxb3 16. Bxb3 Ne4 17. Rd1 Be6 18. Ng5 Nxg5 19. Bxg5 Rac8 20. Bf4 Nb4 21. Bd6 Rfd8 22. Bxb4 Qxb4 23. Qb2 a5 0-1

[Event "Junior Online 4NCL Division 3"]
[Site "online"]
[Date "2021.09.02"]
[EventDate "2021.09.02"]
[Round "2.13"]
[White "Winser, Frederick"]
[WhiteElo "1164"]
[WhiteTeam "Manchester Juniors D"]
[Black "Balaggan, Karam S"]
[BlackElo "1313"]
[BlackTeam "Colchester Juniors B"]
[Result "0-1"]
[PlyCount "42"]

1. e4 c5 2. Nc3 d6 3. Bb5+ Nc6 4. Bc4 Nf6 5. Nf3 e6 6. O-O Be7 7. Re1 O-O 8. d4 d5 9. Bg5 dxc4 10. Bxf6 Bxf6 11. e5 Be7 12. b3 cxb3 13. axb3 cxd4 14. Nb5 Bb4 15. Ra4 Bxe1 16. Qxe1 a6 17. Qd1 Bd7 18. Nd6 Nxe5 19. Nxe5 Bxa4 20. Qxd4 Qa5 21. bxa4 Qe1# 0-1

[Event "Junior Online 4NCL Division 3"]
[Site "online"]
[Date "2021.09.02"]
[EventDate "2021.09.02"]
[Round "2.15"]
[White "Catabay, Rezin C"]
[WhiteElo "1370"]
[WhiteTeam "Colchester Juniors B"]
[Black "Correa, Edward"]
[BlackElo "1132"]
[BlackTeam "Manchester Juniors D"]
[Result "1-0"]
[PlyCount "57"]

1. c4 c5 2. e3 e6 3. d4 cxd4 4. exd4 d5 5. cxd5 exd5 6. Nf3 Nc6 7. Be2 Nf6 8. O-O Bd6 9. Nc3 a6 10. Bg5 Be6 11. Qb3 Rb8 12. Kh1 O-O 13. Bxf6 Qxf6 14. Nxd5 Bxd5 15. Qxd5 Rfe8 16. Bd3 Nb4 17. Qf5 Qxf5 18. Bxf5 Rbd8 19. Rfe1 Rxe1+ 20. Rxe1 Nc6 21. d5 Nb4 22. a3 Nxd5 23. Be4 Be7 24. Bxd5 Rxd5 25. Rxe7 Rd1+ 26. Ng1 h6 27. Rxb7 Rd2 28. b4 Rxf2 29. Ra7 1-0

[Event "Junior Online 4NCL Division 3"]
[Site "online"]
[Date "2021.09.02"]
[EventDate "2021.09.02"]
[Round "2.17"]
[White "Balaggan, Karam S"]
[WhiteElo "1313"]
[WhiteTeam "Colchester Juniors B"]
[Black "Winser, Frederick"]
[BlackElo "1164"]
[BlackTeam "Manchester Juniors D"]
[Result "0-1"]
[PlyCount "104"]

1. e4 e5 2. d4 d6 3. dxe5 dxe5 4. Qxd8+ Kxd8 5. Nc3 Bb4 6. f4 Bxc3+ 7. bxc3 Nc6 8. fxe5 Nxe5 9. Bf4 Ng4 10. h3 N4f6 11. Bc4 Nxe4 12. Rd1+ Bd7 13. Bxf7 Ngf6 14. Bg5 Nxg5 15. Nf3 Nxf3+ 16. gxf3 Ke7 17. Bb3 Be6 18. c4 Rad8 19. O-O Bxh3 20. Rfe1+ Be6 21. Rxd8 Rxd8 22. c5 Nd5 23. f4 Kf6 24. Re5 Re8 25. Bxd5 c6 26. Bb3 Re7 27. Re1 Bxb3 28. Rxe7 Kxe7 29. cxb3 g5 30. fxg5 Kf7 31. Kf2 Ke6 32. Ke3 Kf5 33. g6 Kxg6 34. Ke4 Kg5 35. Ke5 h5 36. Kd6 h4 37. Kc7 h3 38. Kxb7 h2 39. Kxc6 h1=Q+ 40. Kb5 Qb7+ 41. Kc4 Qc6 42. a4 Kf6 43. a5 a6 44. b4 Ke5 45. Kb3 Qb5 46. Kc3 Kd5 47. Kb3 Qc4+ 48. Ka4 Kd4 49. Ka3 Qb5 50. Kb3 Qd3+ 51. Ka4 Kc4 52. b5 Qb3# 0-1

[Event "Junior Online 4NCL Division 3"]
[Site "online"]
[Date "2021.09.02"]
[EventDate "2021.09.02"]
[Round "2.21"]
[White "Kotha, Vedant"]
[WhiteElo "1080"]
[WhiteTeam "Barnet Knights D"]
[Black "Man, Felix"]
[BlackElo "1264"]
[BlackTeam "Muswell Hill Primary"]
[Result "0-1"]
[PlyCount "86"]

1. e4 e5 2. Nf3 Nc6 3. g3 Nf6 4. Nc3 Bc5 5. Bg2 O-O 6. O-O d6 7. h3 Bd7 8. d3 Qc8 9. Bg5 Ne8 10. Bd2 Bxh3 11. Nd5 Be6 12. Nc3 h6 13. Nb5 Nf6 14. Nc3 Bh3 15. Qe1 Qg4 16. Qe2 Qxg3 17. Nh4 Qxh4 18. Bxh3 Qxh3 19. Be3 Ng4 20. f3 Bxe3+ 21. Rf2 Bxf2+ 22. Qxf2 Nxf2 23. Kxf2 Nd4 24. Ke3 Qxf3+ 25. Kd2 Qf2+ 26. Kd1 Qf1+ 27. Kd2 Qxa1 28. Nd1 f5 29. exf5 Rxf5 30. Ke3 Raf8 31. Ke4 Rf4+ 32. Kd5 c6+ 33. Kxd6 Rd8+ 34. Ke7 Rdf8 35. Kd6 Qxd1 36. Kxe5 Qe2+ 37. Kd6 Qe6+ 38. Kc5 Qd5+ 39. Kb4 Qb5+ 40. Kc3 Qc5+ 41. Kd2 Rf2+ 42. Ke3 Nxc2+ 43. Ke4 Re8# 0-1

[Event "Junior Online 4NCL Division 3"]
[Site "online"]
[Date "2021.09.02"]
[EventDate "2021.09.02"]
[Round "2.22"]
[White "Bagshaw, Freddie"]
[WhiteElo "1160"]
[WhiteTeam "Muswell Hill Primary"]
[Black "Thompson, Alex"]
[BlackElo "913"]
[BlackTeam "Barnet Knights D"]
[Result "1-0"]
[PlyCount "31"]

1. e4 e5 2. Nf3 Nc6 3. Bc4 Be7 4. O-O Nf6 5. Nc3 d6 6. d3 O-O 7. h3 Nd4 8. Be3 Nxf3+ 9. Qxf3 h6 10. Qg3 Nh5 11. Qf3 g6 12. Bxh6 Re8 13. Qxf7+ Kh8 14. Qxg6 Bf8 15. Qxh5 Bxh6 16. Qxh6# 1-0